<?xml version="1.0" encoding="UTF-8"?>
<record
    xmlns:xsi="http://www.w3.org/2001/XMLSchema-instance"
    xsi:schemaLocation="http://www.loc.gov/MARC21/slim http://www.loc.gov/standards/marcxml/schema/MARC21slim.xsd"
    xmlns="http://www.loc.gov/MARC21/slim">

  <leader>00603nam a22001817a 4500</leader>
  <controlfield tag="001"> 48827</controlfield>
  <controlfield tag="003">OSt</controlfield>
  <controlfield tag="005">20201016133355.0</controlfield>
  <controlfield tag="008">201006b   1999 dr  00| 0 eng d</controlfield>
  <datafield tag="020" ind1=" " ind2=" ">
    <subfield code="a">9768175559</subfield>
  </datafield>
  <datafield tag="040" ind1=" " ind2=" ">
    <subfield code="a">DO-SdBNP</subfield>
    <subfield code="b">spa</subfield>
    <subfield code="c">BNPHU</subfield>
  </datafield>
  <datafield tag="100" ind1="1" ind2=" ">
    <subfield code="a">Castellanos, Socorro</subfield>
    <subfield code="9">57129</subfield>
  </datafield>
  <datafield tag="245" ind1="1" ind2="0">
    <subfield code="a">Con los cinco sentidos :</subfield>
    <subfield code="b">las mejores recetas de Buenas Tardes a la Orden T. V. /</subfield>
    <subfield code="c">Socorro Castellanos ; fotografias Thiago da Cunha.</subfield>
  </datafield>
  <datafield tag="260" ind1=" " ind2=" ">
    <subfield code="a">Santo Domingo :</subfield>
    <subfield code="b">Amigo del Hogar, </subfield>
    <subfield code="c">1999.</subfield>
  </datafield>
  <datafield tag="300" ind1=" " ind2=" ">
    <subfield code="a">216. p. :</subfield>
    <subfield code="b">il. ;</subfield>
    <subfield code="c">28 cm. </subfield>
  </datafield>
  <datafield tag="700" ind1="1" ind2=" ">
    <subfield code="a">Cunha, Thiago da, </subfield>
    <subfield code="e"> fotograf&#xED;as </subfield>
    <subfield code="9">76776</subfield>
  </datafield>
  <datafield tag="942" ind1=" " ind2=" ">
    <subfield code="2">ddc</subfield>
    <subfield code="c">LF1</subfield>
  </datafield>
  <datafield tag="952" ind1=" " ind2=" ">
    <subfield code="0">0</subfield>
    <subfield code="1">0</subfield>
    <subfield code="2">ddc</subfield>
    <subfield code="7">0</subfield>
    <subfield code="8">MO</subfield>
    <subfield code="a">PD</subfield>
    <subfield code="b">PD</subfield>
    <subfield code="c">CT</subfield>
    <subfield code="d">2020-10-06</subfield>
    <subfield code="e">Raquel Mart&#xED;nez</subfield>
    <subfield code="l">0</subfield>
    <subfield code="r">2020-10-06</subfield>
    <subfield code="w">2020-10-06</subfield>
    <subfield code="y">LF1</subfield>
  </datafield>
  <datafield tag="999" ind1=" " ind2=" ">
    <subfield code="c">48827</subfield>
    <subfield code="d">48827</subfield>
  </datafield>
</record>
